[Event "POL-ch blitz"]
[Site "Suwalki"]
[Date "2022.09.24"]
[Round "8"]
[White "Weber, Robert"]
[Black "Zianowicz, Dominik"]
[Result "1/2-1/2"]
[WhiteElo "2080"]
[BlackElo "1950"]
[PlyCount "116"]
[EventDate "2022.09.24"]
[EventType "swiss (blitz)"]
[EventRounds "15"]
[EventCountry "POL"]
[SourceTitle "CBM 210 Extra"]
[Source "ChessBase"]
[SourceDate "2022.11.30"]
[SourceVersion "1"]
[SourceVersionDate "2022.11.30"]
[SourceQuality "1"]

1. d4 d5 2. Bg5 c5 3. dxc5 Qa5+ 4. c3 Qxc5 5. Nf3 Nf6 6. Bxf6 gxf6 7. e3 Nc6 8. Nbd2 Bf5 9. Qa4 a6 10. a3 e5 11. e4 dxe4 12. Nxe4 Qe7 13. Ng3 Bg6 14. Be2 Bg7 15. h4 h5 16. Rd1 Rd8 17. Rxd8+ Qxd8 18. Bxa6 Qb6 19. Bb5 0-0 20. 0-0 Rd8 21. b4 Ne7 22. c4 Nf5 23. Nxf5 Bxf5 24. c5 Qc7 25. Rd1 Bh6 26. Bc4 Bf4 27. Qb3 Rxd1+ 28. Qxd1 Bg4 29. Bd5 Kg7 30. Qb3 Qd7 31. b5 f5 32. c6 bxc6 33. bxc6 Qc7 34. Qb7 e4 35. Qxc7 Bxc7 36. Nd4 f4 37. a4 Bc8 38. Nb5 Be5 39. Bxe4 Kf6 40. a5 Ke6 41. c7 Kd7 42. f3 Ba6 43. Na3 Kc8 44. Nc2 Kxc7 45. Nb4 Bb5 46. Nd5+ Kb8 47. Ne7 Bd4+ 48. Kh2 Bc3 49. Nf5 Bxa5 50. Ng7 Kc7 51. Nxh5 Bd2 52. Kh3 Kd6 53. Kg4 Ke5 54. Ng7 Bd7+ 55. Nf5 Kf6 56. h5 Be6 57. h6 Kg6 58. Bd3 Bc1 1/2-1/2

[Event "POL-ch blitz"]
[Site "Suwalki"]
[Date "2022.09.24"]
[Round "5"]
[White "Zianowicz, Dominik"]
[Black "Sliwicki, Damian"]
[Result "1-0"]
[WhiteElo "1950"]
[BlackElo "2140"]
[PlyCount "64"]
[EventDate "2022.09.24"]
[EventType "swiss (blitz)"]
[EventRounds "15"]
[EventCountry "POL"]
[SourceTitle "CBM 210 Extra"]
[Source "ChessBase"]
[SourceDate "2022.11.30"]
[SourceVersion "1"]
[SourceVersionDate "2022.11.30"]
[SourceQuality "1"]

1. d4 Nf6 2. c4 e6 3. Nf3 Bb4+ 4. Nc3 d5 5. e3 0-0 6. Bd2 c5 7. dxc5 Bxc5 8. cxd5 exd5 9. Be2 Ne4 10. Rc1 Bb6 11. 0-0 Nc6 12. Nb5 Bg4 13. Bc3 Rc8 14. Nbd4 Bc7 15. Qa4 a6 16. Nxc6 bxc6 17. Qxa6 Bxf3 18. Bxf3 Ng5 19. Qe2 Re8 20. g3 Qd7 21. Bg2 h6 22. a4 d4 23. Bd2 Bb6 24. Qd1 dxe3 25. Bxe3 Qxd1 26. Rfxd1 Bxe3 27. fxe3 Rxe3 28. a5 Re2 29. b4 Rb8 30. a6 Ra2 31. Ra1 Rb2 32. a7 Rc8 1-0

[Event "Bialystok Zamenhof Memorial-C 35th"]
[Site "Bialystok"]
[Date "2017.12.30"]
[Round "7.4"]
[White "Zianowicz, Dominik"]
[Black "Budnik, Mateusz"]
[Result "1/2-1/2"]
[WhiteElo "1902"]
[BlackElo "1962"]
[PlyCount "38"]
[EventDate "2017.12.27"]
[EventType "swiss"]
[EventRounds "9"]
[EventCountry "POL"]
[SourceTitle "EXT 2023"]
[Source "ChessBase"]
[SourceDate "2022.10.05"]
[SourceVersion "1"]
[SourceVersionDate "2022.10.05"]
[SourceQuality "1"]

1. d4 Nf6 2. c4 e6 3. Nf3 d5 4. Bg5 Be7 5. Nc3 0-0 6. e3 b6 7. cxd5 Nxd5 8. Bxe7 Nxe7 9. Bd3 h6 10. 0-0 Bb7 11. Qe2 Nd7 12. b4 a5 13. b5 Rc8 14. Rfd1 Nf6 15. Rac1 Ned5 16. Ne5 Nxc3 17. Rxc3 Nd5 18. Rcc1 Qg5 19. f4 Qe7 1/2-1/2

[Event "Suwalki Warakomska Memorial-B 1st"]
[Site "Suwalki"]
[Date "2017.08.17"]
[Round "8"]
[White "Zianowicz, Dominik"]
[Black "Budnik, Mateusz"]
[Result "1-0"]
[WhiteElo "1843"]
[BlackElo "1987"]
[PlyCount "71"]
[EventDate "2017.08.11"]
[EventType "swiss"]
[EventRounds "9"]
[EventCountry "POL"]
[SourceTitle "CBM 180 Extra"]
[Source "ChessBase"]
[SourceDate "2017.10.06"]
[SourceVersion "1"]
[SourceVersionDate "2017.10.06"]
[SourceQuality "1"]

1. d4 Nf6 2. c4 g6 3. Nc3 Bg7 4. Nf3 0-0 5. Bg5 d6 6. e3 c6 7. Be2 a6 8. 0-0 b5 9. Qc2 Nbd7 10. Rfd1 Qc7 11. Rac1 b4 12. Na4 c5 13. h3 Bb7 14. d5 Rfe8 15. e4 h6 16. Bf4 Kh7 17. Re1 Qa5 18. b3 Nb6 19. Nxb6 Qxb6 20. e5 Nd7 21. e6 fxe6 22. Bd3 Nf8 23. Bxg6+ Kh8 24. Bxe8 Rxe8 25. Nh4 e5 26. Ng6+ Kg8 27. Be3 Qd8 28. f4 exf4 29. Nxf4 e5 30. Nh5 Bc8 31. Rf1 Qe7 32. Qf2 Nh7 33. Qg3 Ng5 34. h4 Ne4 35. Qg6 Nc3 36. Nf6+ 1-0